000 00935nam a22002297a 4500
005 2009111306196.0
008 091113t xxu||||| |||| 00| 0 eng d
010 _aENG-95500
020 _a9788131306482
_c495.00
035 _aEN-78033
037 _bDBAD/PUB
040 _aDPL
100 _aManoharan, P.K.
245 _aHigher Education
_c by P.K. Manoharan
260 _aNew Delhi
_bAPH. Publishing Corporation
_c2009
270 _a4435-36/7 Ansari Road, Darya Ganj
_bNew Delhi
_e110002
300 _a 216p.
_c22 cm.(Hb)
856 _uhttp://www.loc.gov/catdir/toc/ecip0721/2007025342.html
942 _2ddc
_cEN
_mMAN
999 _c31936
_d31936